| 000 | nam a22 7a 4500 | ||
|---|---|---|---|
| 999 |
_c401827 _d401827 |
||
| 003 | BLK | ||
| 005 | 20210623104727.0 | ||
| 008 | 210323b bu |||||||||||||| ||bu || | ||
| 040 | _aBLK | ||
| 041 |
_aBUL _cBUL |
||
| 080 |
_aРегионални социологически изследвания _b316.334.52 _x(497.2) _z316.334.52(497.2) |
||
| 100 |
_9323908 _aПисарев, Дмитрий Иванович _eпърви автор |
||
| 139 | _aПисарев, Дмитрий Иванович | ||
| 245 |
_aНашите преспивачи _bПолемическа статия _cД. И. Писарев; прев. Г-к |
||
| 257 | _aRUS | ||
| 260 |
_9393107 _aРусе _bб.и. _c1890 |
||
| 260 | _cСкоро-печатница на Спиро Гулабчев-Русе | ||
| 300 |
_a20 с. _c18 см |
||
| 380 | _a3 | ||
| 490 |
_9435080 _aКолекция Редки и ценни издания |
||
| 650 | 0 |
_9318233 _aПолитически процеси |
|
| 653 | 7 |
_9197345 _aстатии |
|
| 852 |
_aРб 890 _bРц |
||
| 942 |
_cKNG _n0 _s1 |
||
| 944 |
_aCR _c2021-03-23 _kК.Д. |
||
| 999 | _d401827 | ||
| 999 | _d401827 | ||